Programa d'activitats del Centre d'Estudis i Formació : 1988 1988
Descripción Física:
118 p. ; 21 cm
MARC
| LEADER | 00000nam a2200000Ia 4500 | ||
|---|---|---|---|
| 001 | 8088 | ||
| 008 | 160829s1988 xx 000 0 cat d | ||
| 080 | |a E-1-106 | ||
| 100 | |a Catalunya. Departament de Justícia. Centre d'Estudis i Formació |9 24327 | ||
| 245 | |a Programa d'activitats del Centre d'Estudis i Formació : |b 1988 | ||
| 260 | |a Barcelona : |b [el Centre], |c 1988 | ||
| 300 | |a 118 p. ; |c 21 cm | ||
| 650 | |a Catalunya. Departament de Justícia. Centre d'Estudis i Formació |x Currículums |9 24328 | ||
| 901 | |a Arxiu | ||
| 942 | |n 1 | ||
| 952 | |0 0 |1 0 |4 0 |6 E1106 |7 1 |9 43087 |a Arxiu |b Arxiu |d 2016-12-01 |l 0 |o E-1-106 |p 8088 |r 2016-12-01 00:00:00 |w 2016-12-01 |y ARXIU | ||
| 999 | |c 45631 |d 45631 | ||